The art bulletin

Detalles Bibliográficos
Formato: Desconocido
Lenguaje:inglés
Publicado: New York : College Art Association of America,
Materias:
Acceso en línea:Acceso restringido

MARC

LEADER 00000ny a22000003n 4500
005 2011051103413.0
008 A10218u19139999us qr p0| 0 0 eng d
022 |a 0004-3079 
022 |a 1559-6478 
035 |a 2898 
040 |a BUS  |d vLex 
090 |c 1631  |d 1631 
245 3 4 |a The art bulletin  |h [Recurso electrn̤ico] 
256 |a Servicio en ln̕ea 
260 |a New York :  |b College Art Association of America, 
310 |a Trimestral 
506 1 |a Contenido solo disponible en los productos indicados  |d vLex Global  |d vLex Global (Academic Edition, excluding Law Schools)  |d vLex Global (Academic Edition, Law Schools) 
650 0 4 |a Arte  |x Publicaciones perid̤icas 
740 |a vLex Revista (Servicios en ln̕ea) 
843 |a Electrn̤ica. Abierta 
853 |8 1  |i (year)  |j (month)  |k (day) 
856 4 0 |z Acceso restringido  |u http://vlex.com/account/login_ip?fuente_id=2898  
942 |c REV